The Illustrated encyclopedia of pistols and revolvers : An illustrated history of hand guns from the sixteenth century to the present day

Bibliographic Details
Main Author: Myatt, Major Frederick
Format: Book
Published: London : Tiger Books International , 1989
Subjects:

MARC

LEADER 00000cam a2200000 7i4500
001 0000001736
002 000001892
005 20020321.0
020 |a 1855010291 
090 0 0 |a 623.433   |b MYA 
100 1 |a Myatt, Major Frederick 
245 1 4 |a The Illustrated encyclopedia of pistols and revolvers :   |b An illustrated history of hand guns from the sixteenth century to the present day   |c Major Frederick Myatt M.C. 
260 |a London :   |b Tiger Books International ,   |c 1989 
300 |a 207p. :   |b ill. ;   |c 31cm. 
650 0 0 |a Pistols   |x Encyclopedias 
650 0 0 |a Weapons   |x Encyclopedias 
650 0 0 |a Weapons   |x Encyclopedias   |y 16th century 
999 |a 034910   |b BUKU   |c RUJUKAN   |e PERPUSTAKAAN KOMUNITI PETALING JAYA 
999 |a 0349110   |b BUKU   |c RUJUKAN   |e PERPUSTAKAAN KOMUNITI PETALING JAYA